LEADER 01017nam--2200301---4500 001 990000644870203316 035 $a0064487 035 $aUSA010064487 035 $a(ALEPH)000064487USA01 035 $a0064487 100 $a20010928d1853----km-y0ENGy0103----ba 101 $aita 102 $aIT 200 1 $aEnciclopedia legale ovvero dizionario di diritto civile, penale, ecclesiastico, commerciale ed amministrativo$fFrancesco Dias 210 $aNapoli$ctip. A. Festa, G. Di Majo$d1853-1862 215 $a12 v.$d23 cm 410 $12001 700 1$aDIAS,$bFrancesco$08502 801 0$aIT$bsalbc$gISBD 912 $a990000644870203316 951 $aFV B 12 6 9-20$b5878-5889$cFV B 12 6 959 $aBK 969 $aF.VENTIMIGLIA 979 $aPATTY$b90$c20010928$lUSA01$h1030 979 $c20020403$lUSA01$h1714 979 $aPATRY$b90$c20040406$lUSA01$h1645 996 $aEnciclopedia legale ovvero dizionario di diritto civile, penale, ecclesiastico, commerciale ed amministrativo$9958273 997 $aUNISA